Oklahoma City Thunder Nicknames - Statistics

General Stats
  • This quiz has been taken 1,136 times
    26 since last reset
  • The average score is 8 of 9
Answer Stats
Nickname Tenure Player % Correct
Melo 2017–2018 Carmelo Anthony
100%
PG13 2017–2019 Paul George
100%
Slim Reaper 2007–2016 Kevin Durant
96%
SGA 2019– Shai Gilgeous-Alexander
96%
Bald Mamba 2024– Alex Caruso
91%
Dorture Chamber 2019– Luguentz Dort
91%
The Brodie 2008–2019 Russell Westbrook
91%
I-block-a 2009–2017 Serge Ibaka
91%
J-Dub 2022– Jalen Williams
87%
No matching quizzes found
Score Distribution
Percent of People with Each Score
Percentile by Number Answered
Your Score History
You have not taken this quiz since the last reset